| 000 | 00667nam a22001697a 4500 | ||
|---|---|---|---|
| 005 | 20260416115256.0 | ||
| 008 | 240813b ||||| |||| 00| 0 eng d | ||
| 082 |
_22023 _aUT |
||
| 100 |
_aBahidi, Samer N. _957490 |
||
| 245 |
_aSocial media marketing communication and consumers' attitude towards online shopping / _cSamer N. Bahidi and Josua Micleo N. Casagan |
||
| 260 |
_aDigos City : _bUMDC, _c©January 2023. |
||
| 300 |
_aviii, 47 pages : _c30 cm. _billustrations (some colors) : |
||
| 500 | _aIncludes references and appendices. | ||
| 650 |
_aMarketing management. _xUndergraduate Thesis. _957491 |
||
| 700 |
_aCasagan, Josua Micleo N. _957492 |
||
| 942 |
_2ddc _cUT |
||
| 999 |
_c20375 _d20375 |
||